000 00305nam a22001337a 4500
008 171108b xxu||||| |||| 00| 0 eng d
020 _a9780393027938
041 _aeng
080 _a330.322
100 _a64
101 _aINV
245 _aA RANDOM WALK DOWN WALL STREET
_cMALKIEL,B.G
942 _2udc
_cBK
999 _c38207
_d38207